El capital : tomo 1 /
Guardado en:
| Autor Principal: | |
|---|---|
| Formato: | Libro |
| Publicado: |
México :
Fondo de Cultura Económica,
1973
|
| Edición: | 2a. ed. |
| Materias: | |
| Etiquetas: |
Agregar Etiqueta
Sin Etiquetas, Sea el primero en etiquetar este registro!
|
| LEADER | 00568nam a22002055a 4500 | ||
|---|---|---|---|
| 001 | CEM.cems007539 | ||
| 005 | 20060214000000.0 | ||
| 008 | 130507s1973##################000#0#####d | ||
| 003 | CEMS | ||
| 082 | 0 | 4 | |a 335.4 |
| 100 | 1 | |a Marx, Karl | |
| 245 | 1 | 0 | |a El capital : |b tomo 1 / |
| 250 | |a 2a. ed. | ||
| 260 | |a México : |b Fondo de Cultura Económica, |c 1973 | ||
| 300 | |a 423 p. | ||
| 653 | |a Capital-circulacion del | ||
| 653 | |a Capital-produccion del | ||
| 653 | |a Economia | ||
| 653 | |a Economia socialista | ||
| 859 | |a CEMS |b BIB. CEMS - 11 de abril |h 335.4 |i M369a2/1 |p 15881.90 |t Ej.1 | ||
